000 00613nam a2200241Ia 4500
001 50287
005 20240114005144.0
007 ta
008 090604s1965 g b000 u 465 u
040 _aCotton College,Assam
041 _a465
082 _a070
_bPER
100 _aPerry, C M .
245 0 _aEthics Vol. LXXVI /
_cC M Perry.
_hTextual Documents
250 _a1st ed /
260 _aChicago :
_bThe University of Chicago Press ,
_c1965.
300 _a315p ;
_c26 cm.
653 _aJournals
653 _aBV-Philosophy
942 _2ddc
_cBK
999 _c50252
_d50252